| 000 | 00765nam a2200229Ia 4500 | ||
|---|---|---|---|
| 001 | 15820 | ||
| 003 | GE_BSU | ||
| 008 | 181216s||||||||xx |||||||||||||| ||und|| | ||
| 040 | _cGE_BSU | ||
| 080 | _a821.353.1-1 + 821.353.1-11 | ||
| 100 | _aჭანტურია, ტარიელ | ||
| 245 | _aქვა და ომი | ||
| 245 | _bლექსები და პოემა | ||
| 245 | _cრედ.ნ.ნანიტაშვილი. მხ. ნ. ზაალიშვილი | ||
| 260 | _aთბილისი | ||
| 260 | _bსაბჭ. საქართველო | ||
| 260 | _c1967 | ||
| 300 | _a50გვ. ; 17სმ | ||
| 653 | _aლექსები და პოემა | ||
| 653 | _aქვა და ომი | ||
| 942 | _cBK | ||
| 999 |
_c48917 _d48917 |
||